Normal view
MARC view
Entry Topical Term
001 - CONTROL NUMBER
- control field: 6467
003 - CONTROL NUMBER IDENTIFIER
- control field: BD-RjUL
005 - DATE AND TIME OF LATEST TRANSACTION
- control field: 20221229110435.0
008 - FIXED-LENGTH DATA ELEMENTS
- fixed length control field: 221229|| aca||aabn | a|a d
040 ## - CATALOGING SOURCE
- Original cataloging agency: BD-RjUL
- Transcribing agency: BD-RjUL
150 ## - HEADING--TOPICAL TERM
- Topical term or geographic name entry element: Financial reports
- Form subdivision: Accounting
670 ## - SOURCE DATA FOUND
- Source citation: Work cat.: (BD-RjUL)81028: Islam, Md. Kazi Saidul 6466, An Evaluation of financial reporting of the commercial Banks in Bangladesh / , 1997